<?xml version='1.0' encoding='UTF-8'?><?xml-stylesheet href='static/style.xsl' type='text/xsl'?><OAI-PMH xmlns="http://www.openarchives.org/OAI/2.0/" xmlns:xsi="http://www.w3.org/2001/XMLSchema-instance" xsi:schemaLocation="http://www.openarchives.org/OAI/2.0/ http://www.openarchives.org/OAI/2.0/OAI-PMH.xsd"><responseDate>2026-04-30T18:12:00Z</responseDate><request verb="GetRecord" identifier="oai:ebiltegia.mondragon.edu:20.500.11984/4584" metadataPrefix="marc">https://ebiltegia.mondragon.edu/oai/request</request><GetRecord><record><header><identifier>oai:ebiltegia.mondragon.edu:20.500.11984/4584</identifier><datestamp>2024-01-04T21:56:58Z</datestamp><setSpec>com_20.500.11984_1736</setSpec><setSpec>com_20.500.11984_1627</setSpec><setSpec>col_20.500.11984_1972</setSpec></header><metadata><record xmlns="http://www.loc.gov/MARC21/slim" xmlns:dcterms="http://purl.org/dc/terms/" xmlns:xsi="http://www.w3.org/2001/XMLSchema-instance" xmlns:doc="http://www.lyncode.com/xoai" xsi:schemaLocation="http://www.loc.gov/MARC21/slim http://www.loc.gov/standards/marcxml/schema/MARC21slim.xsd">
   <leader>00925njm 22002777a 4500</leader>
   <datafield ind2=" " ind1=" " tag="042">
      <subfield code="a">dc</subfield>
   </datafield>
   <datafield ind2=" " ind1=" " tag="720">
      <subfield code="a">Mondragon Unibertsitatea</subfield>
      <subfield code="e">author</subfield>
   </datafield>
   <datafield ind2=" " ind1=" " tag="260">
      <subfield code="c">2016-03-09</subfield>
   </datafield>
   <datafield ind2=" " ind1=" " tag="520">
      <subfield code="a">Euskal Herriko hiriburuetako bost alkate euskaldunek parte hartuko dute, martxoaren 10ean, MONDRAGON UNIBERTSITATEkoHumanitate eta Hezkuntza Zientzien Fakultateko Euskara Batzordeak antolatu duen mahai-inguru batean. Eskoriatzako campusean egingo den ekitaldian, Juan Mari Aburto Bilboko alkateak, Joseba Asiron Iruñeko alkateak, Michel Etchebest Mauleko auzapezak, Eneko Goia, Donostiako alkateak eta Gorka Urtaran Gasteizko alkateak partekatuko dituzte euskarari buruzko esperientzia pertsonalak eta profesionalak. Mahai-ingurua 17:00etan hasiko da eta parte hartu ahal izateko, aldez aurretik, izena eman beharko da. Streaming bidez ere eskainiko da ekitaldia zuzenean.</subfield>
   </datafield>
   <datafield ind2=" " ind1=" " tag="520">
      <subfield code="a">Organizado por la Comisión de euskara de la Facultad de Humanidades y Ciencias de la Educación de MONDRAGON UNIBERTSITATEA, se celebrará el próximo día 10 de marzo una mesa redonda con los cinco alcaldes euskaldunes de las capitales vascas. El acto en el que participarán los alcaldes Juan Mari Aburto, alcalde de Bilboa;  Joseba Asiron, alcalde de Pamplona; Michel Etchebest alcalde de Maule; Eneko Goia aldalde de Donostia y Gorka Urtaran alcalde de Vitoria-Gasteiz se llevará a cabo en el campus de Eskoriatza y comenzará a las 17:00 horas. El acto también se emitirá en streaming por Internet.</subfield>
   </datafield>
   <datafield ind1="8" ind2=" " tag="024">
      <subfield code="a">https://hdl.handle.net/20.500.11984/4584</subfield>
   </datafield>
   <datafield tag="653" ind2=" " ind1=" ">
      <subfield code="a">Humanitate eta Hezkuntza Zientzien Fakultatea</subfield>
   </datafield>
   <datafield ind2="0" ind1="0" tag="245">
      <subfield code="a">Hiriburuetako bost alkate euskaldunak, fakultatean, mahai baten bueltan, martxoaren 10ean</subfield>
   </datafield>
   <datafield ind2="0" ind1="0" tag="245">
      <subfield code="a">Mesa redonda en la facultad con los cinco alcaldes euskaldunen de las capitales vascas el próximo día 10 de marzo</subfield>
   </datafield>
</record></metadata></record></GetRecord></OAI-PMH>